000 00645nam a2200229Ia 4500
005 20260429112310.0
008 260429s9999||||xx |||||||||||||| ||und||
020 _a9783031233227
041 _aEnglish
082 _a526.3
_bGUO
100 _aGuo, Jun-Yi
245 0 _aPhysical geodesy :
_ba theoretical introduction /
_cJun-Yi Guo
250 _a1st ed.
260 _aSwitzerland :
_bSpringer,
_c2023.
300 _axxi, 501 p.; pbk
440 _aSpringer Textbooks in Earth Sciences, Geography and Environment
650 _a Earth measurement
650 _a Geophysics
650 _a Surveying
650 _aGeodesy
942 _cTB
999 _c53374
_d53374